Statistics for Subnautica quiz

Click here to take the quiz!

General Stats

  • This quiz has been taken 1,424 times
  • The average score is 10 of 15

Answer Stats

questionsAnswer% Correct
What is the name of the ship that you escaped?Aurora
93%
What creature can teleport?Warper
83%
What is the first vehical you will most likely obtain?Seamoth
82%
What is the most common type of fish?Peeper
80%
What ship comes to rescue you but ends up getting obliterated by a precursor gun?Sunbeam
79%
what planet does the game take place on?4546B
74%
What shark like creature lives in creepvine forests?Stalker
73%
What rare material can sometimes be found in shale outcrops?Diamonds
70%
what creature can telepathically communicate?Sea emperor
67%
Where can leviathan skeletons be found?Lost River
65%
what was the name of the ship that was shot down before your ship?Degasi
61%
What tool freezes things temporarilyStasis rifle
60%
what disease is the planet infected with?kharaa bacterium
55%
What is the name of the aliens who accidentally released the virusPrecursor
55%
what is used to cure the disease?Enzyme 42
48%

Score Distribution

Percentile by Number Answered

Percent of People with Each Score

Your Score History

You have not taken this quiz